|
|
|
|
| LEADER |
01010cam a2200253 i 4500 |
| 001 |
11898964 |
| 003 |
GR-PaULI |
| 005 |
20210117210930.0 |
| 008 |
190704s2000 nyua g b 001 0 eng d |
| 952 |
|
|
|0 0
|1 0
|2 ddc
|4 0
|6 704_948000000000000_945_MIC
|7 0
|9 233595
|a THST
|b THST
|d 2019-07-04
|i 007687
|l 0
|o 704.948 945 MIC
|p 025000262623
|r 2019-07-04 00:00:00
|t 1
|v 2019.00
|w 2019-07-04
|y BK15
|
| 999 |
|
|
|c 141751
|d 141751
|
| 010 |
|
|
|a 00100590
|
| 020 |
|
|
|a 0500203377
|
| 040 |
|
|
|a DLC
|c DLC
|d DLC
|d GR-PaULI
|b gre
|e AACR2
|
| 082 |
0 |
0 |
|a 704.948 945
|2 23
|
| 100 |
1 |
|
|a Michell, George.
|e συγγραφέας
|
| 245 |
1 |
0 |
|a Hindu art and architecture /
|c George Michell.
|
| 260 |
|
|
|a New York :
|b Thames & Hudson,
|c c2000.
|
| 300 |
|
|
|a 224 σ. :
|b εικ. ;
|c 21 εκ.
|
| 504 |
|
|
|a Περιλαμβάνει βιβλιογραφία και ευρετήριο.
|
| 650 |
|
4 |
|a Ινδουϊστική τέχνη.
|9 176885
|
| 650 |
|
4 |
|a Συμβολισμός
|9 176886
|x Τέχνη
|z Ινδία.
|
| 942 |
|
|
|2 ddc
|c BK15
|
| 998 |
|
|
|c ΜΑΝΙΑ
|d 2019-07
|